• 首页
  • 本馆介绍
  • 公告通知
  • 最新文献
  • 馆藏检索
  • 电子资源
  • 读者导购
  • 参考咨询
  • 我的图书馆
  • 登录
  • 详细信息显示
  • 放入我的书架
  • 预约/预借图书
  • 作者相关作品
  • 分类相关作品
  • 丛书相关作品
  • 出版社相关作品

书目信息

  • 表格格式
  • 工作单格式
  • 卡片格式
题名:
糖艺造型
    
 
作者: 柯见明 , 伍绍灿 主编
分册:  
出版信息: 长沙   中南大学出版社  2020.10
页数: 130页
开本: 26cm
丛书名:
单 册:
中图分类: J528.4 , J528
科图分类:
主题词: 食糖--shi tang--装饰雕塑--雕塑技法--职业教育--教材
电子资源:
ISBN: 978-7-5487-4229-6
000 01224nam0 2200265 450
001 2357723852
005 20231125160217.02
010    @a978-7-5487-4229-6@dCNY58.90
100    @a20210420d2020 em y0chiy50 ea
101 0  @achi
102    @aCN@b430000
105    @aa z 000yy
200 1  @a糖艺造型@Atang yi zao xing@f主编柯见明, 伍绍灿
210    @a长沙@c中南大学出版社@d2020.10
215    @a130页@c彩图@d26cm
314    @a柯见明, 专职食品雕刻师、西式糖艺师。伍绍灿, 高级中式烹调师。
330    @a本书是近年来兴起的一种食品装饰手法, 现代糖艺主要是从国外引进的。其中法国糖艺最为先进。以糖艺雕刻为主, 蔬果雕刻、泡沫雕刻、面塑为辅, 随着时代的进步, 糖艺越来越科学化, 原料配比科学, 操作规范, 作品干净卫生、色彩鲜丽、造型抽象美观, 无论是花鸟鱼虫、果蔬等造型都可以做得栩栩如生。本书包括糖艺制作基础知识、糖艺概述、糖艺原料、糖艺技术的工具、熬糖的步骤与方法、拉糖的注意事项、糖体上色、糖艺作品的贮存方法、糖艺盘饰造型与欣赏等内容。
333    @a职业学校烹饪专业教材
606 0  @a食糖@Ashi tang@x装饰雕塑@x雕塑技法@x职业教育@j教材
690    @aJ528.4@v5
690    @aJ528@v4
701  0 @a柯见明@Ake jian ming@4主编
701  0 @a伍绍灿@Awu shao can@4主编
801    @aCN@b山东中教@c20231121
905    @aBZT@dJ528@e18
    
    糖艺造型/主编柯见明, 伍绍灿.-长沙:中南大学出版社,2020.10
    130页:彩图;26cm
    使用对象:职业学校烹饪专业教材
    
    ISBN 978-7-5487-4229-6:CNY58.90
    本书是近年来兴起的一种食品装饰手法, 现代糖艺主要是从国外引进的。其中法国糖艺最为先进。以糖艺雕刻为主, 蔬果雕刻、泡沫雕刻、面塑为辅, 随着时代的进步, 糖艺越来越科学化, 原料配比科学, 操作规范, 作品干净卫生、色彩鲜丽、造型抽象美观, 无论是花鸟鱼虫、果蔬等造型都可以做得栩栩如生。本书包括糖艺制作基础知识、糖艺概述、糖艺原料、糖艺技术的工具、熬糖的步骤与方法、拉糖的注意事项、糖体上色、糖艺作品的贮存方法、糖艺盘饰造型与欣赏等内容。
●
相关链接 在五车中查询图书 在当当中查询图书 在豆瓣中查询图书


正题名:糖艺造型     索取号:J528/18         预约/预借

序号 登录号 条形码 馆藏地/架位号 状态 备注
1 2001048668   2001048668   中教第一批/山东中教(第一批)/690/ [索取号:J528/18] 在馆    
山东省滨州职业学院图书馆 欢迎您!
大连网信软件有限公司© 版权所有